000
00223 a2200085 4500
020
_a
9783791393100
100
_a
PAUL TULET
245
_a
BRUTALIST JAPAN: A PHOTOGRAPHIC TOUR OF POST-WAR JAPANESE ARCHITECTURE
260
_b
PRESTEL
999
_c
13059
_d
13059